48 horas para resolver mi muerte / (Registro nro. 4345)
[ vista simple ]
| 000 -LEADER | |
|---|---|
| fixed length control field | 00954nam a2200241Ia 4500 |
| 003 - CONTROL NUMBER IDENTIFIER | |
| control field | OSt |
| 005 - DATE AND TIME OF LATEST TRANSACTION | |
| control field | 20250505123340.0 |
| 008 - FIXED-LENGTH DATA ELEMENTS--GENERAL INFORMATION | |
| fixed length control field | 191128s2018 ck er 000 f spa d |
| 020 ## - INTERNATIONAL STANDARD BOOK NUMBER | |
| International Standard Book Number | 9789584275066 |
| 040 ## - CATALOGING SOURCE | |
| Original cataloging agency | CO-JMCR |
| Transcribing agency | CO-JMCR |
| 041 ## - LANGUAGE CODE | |
| Language code of text/sound track or separate title | spa |
| 082 04 - DEWEY DECIMAL CLASSIFICATION NUMBER | |
| Classification number | A-N |
| Item number | VILh |
| 100 1# - MAIN ENTRY--PERSONAL NAME | |
| Personal name | Villamizar, Tania, |
| Relator term | autor |
| 9 (RLIN) | 8292 |
| 245 10 - TITLE STATEMENT | |
| Title | 48 horas para resolver mi muerte / |
| Statement of responsibility, etc. | Tania Villamizar |
| 246 ## - VARYING FORM OF TITLE | |
| Title proper/short title | Cuarenta y ocho horas para resolver mi muerte |
| 260 ## - PUBLICATION, DISTRIBUTION, ETC. | |
| Place of publication, distribution, etc. | Bogotá : |
| Name of publisher, distributor, etc. | Planeta, |
| Date of publication, distribution, etc. | 2018. |
| 300 ## - PHYSICAL DESCRIPTION | |
| Extent | 310 páginas ; |
| Dimensions | 23 cm. |
| 520 ## - SUMMARY, ETC. | |
| Summary, etc. | Una comunidad se ve estremecida por el misteriosos crimen de Cornac Caulfield, un joven repartidor de comida, sumido en una vida oscura y solitaria. Al mejor estilo de la novela negra clásica, esta historia narra las peripecias que los personajes. |
| 650 14 - SUBJECT ADDED ENTRY--TOPICAL TERM | |
| Topical term or geographic name entry element | Novela colombiana. |
| 9 (RLIN) | 8293 |
| 650 24 - SUBJECT ADDED ENTRY--TOPICAL TERM | |
| Topical term or geographic name entry element | Novela policíaca. |
| 9 (RLIN) | 214 |
| 650 24 - SUBJECT ADDED ENTRY--TOPICAL TERM | |
| Topical term or geographic name entry element | Literatura colombiana. |
| Chronological subdivision | Siglo XXI |
| 9 (RLIN) | 13941 |
| 942 ## - ADDED ENTRY ELEMENTS (KOHA) | |
| Source of classification or shelving scheme | Dewey Decimal Classification |
| Koha item type | Books |
| Withdrawn status | Lost status | Source of classification or shelving scheme | Materials specified (bound volume or other part) | Damaged status | Not for loan | Home library | Current library | Date acquired | Total Checkouts | Total Renewals | Full call number | Barcode | Date last seen | Date last checked out | Copy number | Koha item type |
|---|---|---|---|---|---|---|---|---|---|---|---|---|---|---|---|---|
| Dewey Decimal Classification | Donación--10/12/2018-- | Biblioteca Pública José María del Castillo y Rada | Biblioteca Pública José María del Castillo y Rada | 11/28/2019 | 4 | 3 | A-N VILh | 201809190 | 06/13/2024 | 05/17/2024 | Ej.1 | Books |